Curry & rice on forty plates : (Record no. 1240586)

MARC details
000 -LEADER
fixed length control field 00901nam a2200289 a 4500
001 - CONTROL NUMBER
control field vtls001808916
003 - CONTROL NUMBER IDENTIFIER
control field NLI
005 - DATE AND TIME OF LATEST TRANSACTION
control field 20210629050239.0
008 - FIXED-LENGTH DATA ELEMENTS--GENERAL INFORMATION
fixed length control field 140215n ii f 000 0 eng
039 #9 - LEVEL OF BIBLIOGRAPHIC CONTROL AND CODING DETAIL [OBSOLETE]
-- 201402152328
-- VLOAD
040 ## - CATALOGING SOURCE
Original cataloging agency NLI
Language of cataloging eng
Transcribing agency Entertech IMP - 2013
Description conventions AACR2
041 0# - LANGUAGE CODE
Language code of text/sound track or separate title eng
044 ## - COUNTRY OF PUBLISHING/PRODUCING ENTITY CODE
MARC country code ii
082 ## - DEWEY DECIMAL CLASSIFICATION NUMBER
Classification number 165
100 1# - MAIN ENTRY--PERSONAL NAME
Personal name Atkinson, George Francklin
9 (RLIN) 1143547
245 10 - TITLE STATEMENT
Title Curry & rice on forty plates :
Remainder of title or, the ingredients of social life at our station in India /
Statement of responsibility, etc. George Francklin Atkinson
250 ## - EDITION STATEMENT
Edition statement 2nd ed.
260 ## - PUBLICATION, DISTRIBUTION, ETC.
Place of publication, distribution, etc. London :
Name of publisher, distributor, etc. Day,
Date of publication, distribution, etc. n. d
300 ## - PHYSICAL DESCRIPTION
Extent [90] p. :
Other physical details 39 col. plates ;
Dimensions 29x20 cm.
500 ## - GENERAL NOTE
General note Added t. p. (illus.) in colours
651 #0 - SUBJECT ADDED ENTRY--GEOGRAPHIC NAME
Geographic name India
General subdivision History
Chronological subdivision British occupation, 1765-1947
887 ## - NON-MARC INFORMATION FIELD
Content of non-MARC field
901 ## - LOCAL DATA ELEMENT A, LDA (RLIN)
a IMP60676
902 ## - LOCAL DATA ELEMENT B, LDB (RLIN)
a 165 B.38.
949 ## - LOCAL PROCESSING INFORMATION (OCLC)
-- VIRTUAITEM
-- 10000
-- 100
6 IMP000060676ENG
942 ## - ADDED ENTRY ELEMENTS (KOHA)
Source of classification or shelving scheme Dewey Decimal Classification
Koha item type Books
Holdings
Withdrawn status Lost status Damaged status Not for loan Home library Current library Date acquired Total Checkouts Full call number Barcode Date last seen Price effective from Koha item type
        National Library of India National Library of India     165 B.38. IMP000060676ENG 29/06/2021 29/06/2021 Books
                                                                           
web counter

Copyright ©2020 The National Library of India, Govt. of India ↔ Hosted by NVLI, MOC ↔ Technology and Design by National Library of India, Ministry of Culture, Govt. of India